000 00817nam a22002177a 4500
005 20230824140840.0
008 230824b ||||| |||| 00| 0 eng d
020 _a9788494477898
020 _a8494477897
040 _aCO-BoUCM
_cDavid Moreno
_dDavid Moreno
041 _aspa
100 1 _aGarcía-Lomas, Olegario Llamazares
_9178568
245 1 0 _aNegociación Internacional /
_cGarcía-Lomas, Olegario Llamazares
260 _aMadrid, ES
_bGlobal Marketing Strategies
_c2018
300 _a247 Paginas
650 1 7 _aComercio internacional
_911207
_xEconomía internacional
650 1 7 _aNegociaciones comerciales
_911958
_xDiplomacia
650 1 7 _aNegociación intercultural
_xTipos, procesos y tácticas
_9178579
942 _2DEWEY
_a6
_cLIBRO
_e1
_h337.1
_mG216n
_n0
999 _c323075
_d323075